000
00310nam a2200145Ia 4500
100
_a
Davis/ Ralph
942
_c
BK
654
_a
Windows
245
_a
Windows networking Collectivity guide
260
_b
none
_a
Wokingham
_c
1993
082
_a
4.6
_b
DAV
300
_a
562
546
_a
ENGLISH
999
_c
18468
_d
18468